000
00206 a2200097 4500
001
13378
100
_a
Boyd, A
245
_a
an atlas of world affairs
260
_a
London
_b
Methuen
_c
090
_c
10394
_d
10394
942
_a
NUST-CAE
_c
M
_c
441
999
_c
248451
_d
248451